000
00313nam a22001457a 4500
003
SGT
082
_a
617.473
_b
M13C
100
_a
CHAITOW, LEON
245
_a
MUSCLE ENERGY TECHNIQUES
250
_a
4TH
260
_a
EDINBURGH
_b
CHURCHILL
_c
2013
300
_a
319
650
_a
PATHOLOGY
942
_2
ddc
_c
BK
_0
11
999
_c
10514
_d
10514